000 00709nam a2200241Ia 4500
003 OSt
005 20220930064410.0
006 a|||||r|||| 00| 0
007 ta
008 220926b |||||||| |||| 00| 0 hin d
024 _a4162
037 _cTheses
040 _aCRL
_cCRL
_bhin
041 _2hin
_ahin
100 _aGupta Gargi
_9501755
110 _aUniversity of Delhi. Faculty of Arts. Department of Hindi
_9524439
245 0 _aRam Kavya ke parampara main Ramchandrika ka vishisht adhyayan
260 _c1958
650 _aHINDI LITERATURE
_923866
700 _aUniversity of Delhi. Faculty of Arts. Department of Hindi
_9524440
942 _cDIS
_2CC
999 _c858135
_d858135